মেট্রিক্স:বীজগণিত,ক্যালকুলাস এবং জেনারালাইজড ইনভার্স / (Record no. 8917)
[ view plain ]
| 000 -LEADER | |
|---|---|
| fixed length control field | 00760nam a2200241 a 4500 |
| 001 - CONTROL NUMBER | |
| JCCL Control Number | 8917 |
| 003 - CONTROL NUMBER IDENTIFIER | |
| JCCL marc code | BD-JhCC |
| 005 - DATE AND TIME OF LATEST TRANSACTION | |
| control field | 20180305180302.0 |
| 008 - FIXED-LENGTH DATA ELEMENTS--GENERAL INFORMATION | |
| fixed length control field | 180305s1998 bg |||| |||| 001 0 ben d |
| 020 ## - INTERNATIONAL STANDARD BOOK NUMBER | |
| International Standard Book Number | 9840738003 |
| 035 ## - SYSTEM CONTROL NUMBER | |
| system control number | (BD-JhCC)8917 |
| 040 ## - CATALOGING SOURCE | |
| Original cataloging agency | BD-JhCC |
| Modifying agency | BD-JhCC |
| 041 ## - LANGUAGE CODE | |
| Language code of Book | Ben |
| 082 ## - DEWEY DECIMAL CLASSIFICATION NUMBER | |
| Classification number | 521 |
| Author mark and Year | HAZ 1998 |
| 100 ## - MAIN ENTRY--PERSONAL NAME | |
| Personal name | হাজরা, এ.কে. |
| 245 ## - TITLE STATEMENT | |
| Title | মেট্রিক্স:বীজগণিত,ক্যালকুলাস এবং জেনারালাইজড ইনভার্স / |
| Statement of responsibility, etc | এ.কে. হাজরা |
| 260 ## - PUBLICATION, DISTRIBUTION, ETC. (IMPRINT) | |
| Place of publication, distribution, etc | ঢাকা : |
| Name of publisher, distributor, etc | বাংলা একাডেমী, |
| Date of publication, distribution, etc | 1998. |
| 300 ## - PHYSICAL DESCRIPTION | |
| Pagination | 448 p .: |
| Dimensions | 24 c.m |
| 650 ## - SUBJECT ADDED ENTRY--TOPICAL TERM | |
| Topical term or geographic name as entry element | Matrices |
| 650 ## - SUBJECT ADDED ENTRY--TOPICAL TERM | |
| Topical term or geographic name as entry element | algebra |
| 942 ## - ADDED ENTRY ELEMENTS (KOHA) | |
| Source of classification or shelving scheme | Dewey Decimal Classification |
| Koha item type | Books |
| Source of classification or shelving scheme | volume number | Damaged status | Not for loan | Home library | Current library | Shelving location | Cost, normal purchase price | Total Checkouts | Full call number | Barcode | Date last seen | Copy number | Koha item type |
|---|---|---|---|---|---|---|---|---|---|---|---|---|---|
| Dewey Decimal Classification | V-1 | JCC Rouf Library | JCC Rouf Library | General Stacks | 250.00 | 521 HAZ 1998 | 11884 | 03/05/2018 | C - 1 | Books | |||
| Dewey Decimal Classification | V-3 | JCC Rouf Library | JCC Rouf Library | General Stacks | 203.00 | 521 HAZ 1998 | 11883 | 03/05/2018 | C - 2 | Books | |||
| Dewey Decimal Classification | V-2 | JCC Rouf Library | JCC Rouf Library | General Stacks | 270.00 | 521 HAZ 1998 | 11853 | 03/05/2018 | C - 3 | Books |